Riadiaca jednotka mobilného pracovného stroja : Dipl.práca

Salvato in:
Dettagli Bibliografici
Autore principale: Fehér, Anton (Autore)
Altri autori: Šimor, Stanislav (Relatore della tesi), Fuchs, Peter, 1959- (Relatore della tesi)
Natura: Manoscritto Libro
Lingua:slovacco
Pubblicazione: Bratislava : STU v Bratislave FEI, 1999
Soggetti:
Tags: Aggiungi Tag
Nessun Tag, puoi essere il primo ad aggiungerne!!

MARC

LEADER 00000ntm a22000003a 4500
001 stu52276
005 20160719164858.6
008 000225s1999----xo------------------slo-d
040 |a STU  |b slo 
041 0 |a slo 
044 |a xo 
100 1 |a Fehér, Anton  |4 aut 
245 1 |a Riadiaca jednotka mobilného pracovného stroja :  |b Dipl.práca 
260 |a Bratislava :  |b STU v Bratislave FEI,  |c 1999 
300 |a 73 s 
650 7 |a elektronika  |2 stusub 
700 1 |a Šimor, Stanislav  |4 ths  |u E230  |U FEI Fakulta elektrotechniky a informatiky  |T FEI Katedra rádioelektroniky  |U E230  |Y 71 
700 1 |a Fuchs, Peter,  |d 1959-  |4 ths  |u E400  |U FEI Fakulta elektrotechniky a informatiky  |T FEI Ústav automobilovej mechatroniky  |X 1898  |U E400  |Y 642  |7 A000001898